000
00256nam a2200109 a 4500
005
20140414132001.0
008
110212s19uu xx 00 eng d
050
_a
TR
_b
Ar3 2006
100
_a
Katz, Alan
245
_a
Are you quite polite?.
999
_c
113060
_d
113060